| 000 | 00454nam a2200181 4500 | ||
|---|---|---|---|
| 002 | 11647 | ||
| 005 | 20230410143451.0 | ||
| 008 | 060907n1994 dr spa | ||
| 020 | _a0465067964 | ||
| 035 | _9funglode11737 | ||
| 041 | _aEN | ||
| 001 | 14aGN 495.4 S371r 1994 | ||
| 100 | _aSowell, Thomas | ||
| 245 | 1 |
_aRace and culture / _cThomas Sowell |
|
| 260 |
_aNew York : _bBasic Books, _c1994 |
||
| 300 | _axvi, 331 p. | ||
| 942 |
_2lcc _cbk |
||
| 999 |
_c102241 _d102241 |
||